Statistics for 1932 Winter Olympics medal table

Click here to take the quiz!

General Stats

  • This quiz has been taken 30 times
  • The average score is 9 of 10

Answer Stats

RankGoldSilverBronzeTotalAnswer% Correct
234310Norway
100%
164212United States
100%
61102Austria
97%
41157Canada
97%
51113Finland
97%
71001France
97%
90022Germany
97%
31203Sweden
97%
80101Switzerland
93%
100011Hungary
57%

Score Distribution

Percentile by Number Answered

Percent of People with Each Score

Your Score History

You have not taken this quiz